Strzelcy bramek w 26 kolejce Ekstraklasy w sezonie 20/21. - Statystyki

Ogólne statystyki
  • Ten quiz został rozwiązany 11 razy
  • Średni wynik to 14 z 26
Statystyki odpowiedzi
Mecz Piłkarz % Poprawnych
Lech Poznań - Lechia Gdańsk 2:0 Ishak
91%
Lech Poznań - Lechia Gdańsk 1:0 Skóraś
82%
Śląsk Wrocław - Podbeskidzie 2:1 (Bramka Samobójcza) Biliński
73%
Śląsk Wrocław - Podbeskidzie 2:2 Biliński
73%
Piast Gliwice - Legia Warszawa 0:1 Lopes
73%
Śląsk Wrocław - Podbeskidzie 4:3 Pich
73%
Zagłębie Lubin - Wisła Kraków 3:1 Starzyński
73%
Warta Poznań - Raków Częstochowa 0:1 Gutkovskis
64%
Śląsk Wrocław - Podbeskidzie 1:1 Janicki
64%
Jagiellonia Białystok - Stal Mielec 3:3 Mak
64%
Zagłębie Lubin - Wisła Kraków 2:1 Szysz
64%
Cracovia - Wisła Płock 1:0 Alvarez
55%
Zagłębie Lubin - Wisła Kraków 0:1 (Bramka Samobójcza) Balic
55%
Jagiellonia Białystok - Stal Mielec 2:2 Domański
55%
Jagiellonia Białystok - Stal Mielec 2:0 Prikryl
55%
Śląsk Wrocław - Podbeskidzie 2:3 Roginic
55%
Śląsk Wrocław - Podbeskidzie 1:0 Mączyński
45%
Zagłębie Lubin - Wisła Kraków 4:1 Mraz
45%
Śląsk Wrocław - Podbeskidzie 3:3 Poprawa
45%
Lech Poznań - Lechia Gdańsk 3:0 Ramirez
45%
Jagiellonia Białystok - Stal Mielec 1:0 Tiru
45%
Jagiellonia Białystok - Stal Mielec 3:2 Tiru
45%
Pogoń Szczecin - Górnik Zabrze 1:0 Kurzawa
27%
Jagiellonia Białystok - Stal Mielec 2:1 de Amo
18%
Warta Poznań - Raków Częstochowa 0:2 (Bramka Samobójcza) Kiełb
18%
Zagłębie Lubin - Wisła Kraków 1:1 Podliński
18%
Nie znaleziono quizów pasujących do podanych kryteriów
Rozkład punktacji
Procent ludzi z każdym wynikiem
Percentyl według liczby udzielonych odpowiedzi
Twoja historia wyników
Nie rozwiązałeś tego quizu